000 00359 a2200169 4500
001 171975
020 _a85-08-04647-2
040 _cMagnum
100 _aGaldino, Luiz
240 1 0 _aO brinquedo misterioso
_lpor
245 1 0 _aO brinquedo misterioso
300 _a77
362 0 _a1994
440 1 _aÁtica
697 _aLITERATURA JUVENIL
942 _cBK
999 _c171975
_d171975